Realizácia primárneho prieskumu, on-line prieskum a anketový prieskum, spracovanie dotazníkov vo forme dátového zdroja, analýza, vyhodnotenie prieskumu a návrh odporúčaní pre potreby BTB záverečná správa
Gespeichert in:
| 1. Verfasser: | |
|---|---|
| Körperschaft: | |
| Weitere Verfasser: | , |
| Format: | Buch |
| Sprache: | Slowakisch |
| Veröffentlicht: |
Bratislava
Bratislavská organizácia cestovného ruchu
2016
|
| Ausgabe: | 1. vyd. |
| Schlagworte: | |
| Tags: |
Keine Tags, Fügen Sie das erste Tag hinzu!
|
MARC
| LEADER | 00000nlm a2200000 4500 | ||
|---|---|---|---|
| 001 | 0226973 | ||
| 005 | 20240911092545.1 | ||
| 041 | 0 | |a slo | |
| 044 | |a SK | ||
| 245 | 1 | 0 | |a Realizácia primárneho prieskumu, on-line prieskum a anketový prieskum, spracovanie dotazníkov vo forme dátového zdroja, analýza, vyhodnotenie prieskumu a návrh odporúčaní pre potreby BTB |b záverečná správa |c zodpovedný riešiteľ: Ľudmila Novacká ; recenzenti: Jana Štofilová, Tomáš Koniar |
| 250 | |a 1. vyd. | ||
| 264 | 1 | |a Bratislava |b Bratislavská organizácia cestovného ruchu |c 2016 | |
| 300 | |a CD-ROM [41 s., 2 AH] | ||
| 610 | 2 | 0 | |a ruch cestovný |
| 610 | 2 | 0 | |a turistika |
| 610 | 2 | 0 | |a ubytovanie |
| 610 | 2 | 0 | |a dotazníky |
| 610 | 2 | 0 | |a Slovensko |
| 100 | 1 | |a Novacká, Ľudmila, 1953- | |
| 700 | 1 | |a Štofilová, Jana | |
| 700 | 1 | |a Koniar, Tomáš | |
| 710 | 2 | |a Ekonomická univerzita v Bratislave | |